|
|
|
|
| LEADER |
00660cam a2200229ua 4500 |
| 008 |
060815t2002||||||||||| 001 ||eng c |
| 020 |
|
|
|a 81-7230-131-6
|
| 041 |
0 |
|
|a eng
|
| 082 |
|
|
|a 658.152 44
|b NAN/M
|
| 100 |
0 |
|
|a Nandini sharma,
|
| 245 |
0 |
0 |
|a Management of working capital /
|
| 250 |
|
|
|a 1st.
|
| 260 |
|
|
|a Jaipur:
|b Arihant,
|c 2002.
|
| 300 |
|
|
|a 326p..
|
| 362 |
1 |
|
|a 2002.
|
| 365 |
|
|
|a Rs.495/-
|e hb
|
| 500 |
|
|
|a Includes index.
|
| 650 |
|
|
|a Financial management
|
| 650 |
0 |
|
|a Management
|
| 942 |
|
|
|c BK
|
| 999 |
|
|
|c 159
|d 159
|
| 952 |
|
|
|0 0
|1 0
|4 0
|6 658_152000000000000_44_NAN
|7 0
|9 175
|a KUCL
|b KUCL
|d 2014-05-23
|l 0
|o 658.152 44 NAN/
|p 09460
|r 2014-05-23
|w 2014-05-23
|y BK
|